Informatická a počítačová kriminalita

História vzniku počítačovej kriminality. Informačná a informatická kriminalita. Medzinárodná úprava informatickej a počítačovej kriminality. Sabotáže. Dokladové delikty. Neoprávnené používanie počítačov. Podvody v počítačovom prostredí. Počítačové podvody vo finančnom sektore. Porušovanie autorských...

Descrizione completa

Salvato in:
Dettagli Bibliografici
Autore principale: Smejkal, Vladimír
Natura: Capitolo di libro
Lingua:ceco
Soggetti:
Tags: Aggiungi Tag
Nessun Tag, puoi essere il primo ad aggiungerne!!

MARC

LEADER 00000naa$a2200000$$$4500
001 0034914
005 20230928072129.5
041 0 |a cze 
044 |a CZ 
245 1 0 |a Informatická a počítačová kriminalita  |c Vladimír Smejkal 
520 |a História vzniku počítačovej kriminality. Informačná a informatická kriminalita. Medzinárodná úprava informatickej a počítačovej kriminality. Sabotáže. Dokladové delikty. Neoprávnené používanie počítačov. Podvody v počítačovom prostredí. Počítačové podvody vo finančnom sektore. Porušovanie autorských práv. Počítačové výrusy. Nové druhy kriminality na internete. Perspektívy zločinu v počítačových sieťach a boja proti nemu. 
610 2 0 |a činnosť trestná 
610 2 0 |a kriminalita 
610 2 0 |a počítače 
610 2 0 |a internet 
610 2 0 |a technológie informačné 
610 2 0 |a technológie komunikačné 
610 2 0 |a história 
610 2 0 |a podvody 
610 2 0 |a právo autorské 
610 2 0 |a informácie 
100 1 |a Smejkal, Vladimír